[Event "Mindsports Blitz 4th"]
[Site "London"]
[Date "2024.07.23"]
[Round "7.8"]
[White "Clery, Liam"]
[Black "Kirupakaran, Vishnu"]
[Result "1-0"]
[WhiteElo "1877"]
[BlackElo "1842"]
[PlyCount "65"]
[EventDate "2024.07.23"]
[EventType "swiss (blitz)"]
[EventRounds "14"]
[EventCountry "ENG"]
[SourceTitle "BritBase"]
[Source "John Saunders"]
[SourceDate "2024.08.27"]
[SourceVersion "1"]
[SourceVersionDate "2024.08.27"]
[SourceQuality "1"]

1. e4 c5 2. Nf3 e6 3. c3 Nf6 4. e5 Nd5 5. d4 cxd4 6. cxd4 d6 7. Nc3 Nxc3 8. bxc3 Be7 9. Bd3 Nc6 10. Qe2 b6 11. Bf4 Bb7 12. O-O O-O 13. Rad1 g6 14. Ba6 Bxa6 15. Qxa6 Qd7 16. d5 Nxe5 17. Bxe5 dxe5 18. Nxe5 Qc7 19. Qe2 exd5 20. Rxd5 Bf6 21. Nd7 Qxc3 22. Nxf8 Rxf8 23. Rd7 Bg7 24. Rxa7 Qc5 25. Rd7 b5 26. Rfd1 Qg5 27. R7d5 Qf6 28. Rxb5 Rc8 29. Rbd5 h5 30. a4 Qc6 31. a5 Qxd5 32. Rxd5 Rc1+ 33. Rd1 1-0

[Event "Mindsports Blitz 4th"]
[Site "London"]
[Date "2024.07.23"]
[Round "7.9"]
[White "Chakanyuka, Charles"]
[Black "Pein, Jonathan"]
[Result "0-1"]
[WhiteElo "1978"]
[BlackElo "2128"]
[PlyCount "88"]
[EventDate "2024.07.23"]
[EventType "swiss (blitz)"]
[EventRounds "14"]
[EventCountry "ENG"]
[SourceTitle "BritBase"]
[Source "John Saunders"]
[SourceDate "2024.08.27"]
[SourceVersion "1"]
[SourceVersionDate "2024.08.27"]
[SourceQuality "1"]

1. e4 d6 2. d4 Nf6 3. Nc3 Nc6 4. Be2 e5 5. Nf3 Bg4 6. d5 Ne7 7. Be3 Ng6 8. h3 Bd7 9. Qd2 Be7 10. g4 c6 11. O-O-O Qa5 12. Kb1 Rc8 13. a3 O-O 14. h4 Bxg4 15. h5 Bxh5 16. Rdg1 cxd5 17. Nxd5 Qxd2 18. Nxe7+ Nxe7 19. Bxd2 Bg6 20. Bd3 Nxe4 21. Be3 Nc5 22. Bxg6 Nxg6 23. Ng5 h6 24. Nf3 b6 25. Nh4 Nxh4 26. Rxh4 f5 27. Bxh6 Ne6 28. Rg6 Rf6 29. Rxf6 gxf6 30. Rh1 Ng5 31. Bxg5 fxg5 32. Rg1 g4 33. f3 Kf7 34. fxg4 Rg8 35. g5 f4 36. Kc1 Ke6 37. Kd2 Kf5 38. Kd3 d5 39. Kc3 Rg6 40. Rd1 Rxg5 41. Kb4 Ke6 42. c3 f3 43. Kb5 Rg4 44. Kc6 f2 {... x moves} 0-1

[Event "Mindsports Blitz 4th"]
[Site "London"]
[Date "2024.07.23"]
[Round "7.10"]
[White "Mozaffari, Mohammad Hossein"]
[Black "Andal, Edmond"]
[Result "1-0"]
[WhiteElo "1872"]
[BlackElo "2145"]
[PlyCount "62"]
[EventDate "2024.07.23"]
[EventType "swiss (blitz)"]
[EventRounds "14"]
[EventCountry "ENG"]
[SourceTitle "BritBase"]
[Source "John Saunders"]
[SourceDate "2024.08.27"]
[SourceVersion "1"]
[SourceVersionDate "2024.08.27"]
[SourceQuality "1"]

1. e4 c5 2. Nf3 e6 3. d4 cxd4 4. Nxd4 a6 5. a4 Nf6 6. Nc3 Qc7 7. Be2 Bb4 8. Qd3 h5 9. Bd2 Be7 10. h3 Nc6 11. Nb3 Ne5 12. Qg3 d6 13. a5 Bd7 14. Be3 Nc4 15. Bxc4 Qxc4 {O-O} 16. h4 {Qf3} Bc6 17. Nd2 Qb4 {(garbled score hereafter...) Rfb1 Rc8} 18. Bb6 Nd7 19. Be3 Ne5 {Qe2 Bd7} 20. f4 Ng6 21. Qg4 Bf6 22. Ra3 d5 23. e5 Bd8 24. Na2 Qe7 25. c3 {Bc6 b4} O-O 26. Bc5 Qd7 27. Bxf8 Kxf8 28. Nf3 Be7 29. Ng5 d4 30. c4 d3 {Rd1 Qd4+ Kh2 Nxf4} 31. Rf1 {Qxe5 Nxf7} Kg8 {Nxe5 Bd6 Qxf4} 1-0

[Event "Mindsports Blitz 4th"]
[Site "London"]
[Date "2024.07.23"]
[Round "8.1"]
[White "Senlle Caride, Miguel"]
[Black "Gasanov, Eldar"]
[Result "0-1"]
[WhiteElo "2339"]
[BlackElo "2474"]
[PlyCount "61"]
[EventDate "2024.07.23"]
[EventType "swiss (blitz)"]
[EventRounds "14"]
[EventCountry "ENG"]
[SourceTitle "BritBase"]
[Source "John Saunders"]
[SourceDate "2024.08.27"]
[SourceVersion "1"]
[SourceVersionDate "2024.08.27"]
[SourceQuality "1"]

1. c4 e5 2. Nc3 Nc6 3. Nf3 Nf6 4. a3 d5 5. cxd5 Nxd5 6. Qc2 Nxc3 7. bxc3 Bd6 8. e4 Qf6 9. Be2 Qg6 10. O-O Bh3 11. Ne1 O-O 12. f4 exf4 13. d4 Rae8 14. e5 Bf5 15. Qb2 Nxe5 16. dxe5 Bxe5 17. Bxf4 Bxc3 18. Qxc3 Qb6+ 19. Kh1 Rxe2 20. Bxc7 Qg6 21. Qf3 Bg4 22. Qxb7 Rfe8 23. Bg3 h5 24. Qxa7 Bf5 25. Qd4 R8e4 26. Qd8+ Re8 27. Qd6 R8e6 28. Qf4 Be4 29. Rf2 Rxe1+ 30. Rxe1 Bxg2+ 31. Rxg2 0-1

[Event "Mindsports Blitz 4th"]
[Site "London"]
[Date "2024.07.23"]
[Round "8.2"]
[White "Cancedda-Dupuis, Livio"]
[Black "Patel, Zain"]
[Result "1/2-1/2"]
[WhiteElo "2000"]
[BlackElo "2063"]
[PlyCount "85"]
[EventDate "2024.07.23"]
[EventType "swiss (blitz)"]
[EventRounds "14"]
[EventCountry "ENG"]
[SourceTitle "BritBase"]
[Source "John Saunders"]
[SourceDate "2024.08.27"]
[SourceVersion "1"]
[SourceVersionDate "2024.08.27"]
[SourceQuality "1"]

1. e4 c6 2. c4 d5 3. cxd5 cxd5 4. exd5 Nf6 5. Nc3 Nxd5 6. Bc4 Nb6 7. Bb3 Nc6 8. Nf3 e6 9. d4 Be7 10. O-O O-O 11. Re1 Bf6 12. Be3 Ne7 13. Bg5 Ned5 14. Bxf6 Qxf6 15. Nxd5 Nxd5 16. Bxd5 exd5 17. Ne5 Bf5 18. Qf3 Rad8 19. Rac1 Rfe8 20. Rc7 Bg6 21. Rxb7 Qa6 22. Qb3 Qa5 23. Qb4 Qxa2 24. Nxg6 hxg6 25. h3 Qa6 26. Rxe8+ Rxe8 27. Rb8 Rxb8 28. Qxb8+ Kh7 29. Qb4 Qa1+ 30. Kh2 a5 31. Qb3 a4 32. Qa3 Qd1 33. Qc3 Qe2 34. Kg3 f5 35. f3 g5 36. Kh2 Qc4 37. Qe3 f4 38. Qe5 Qc2 39. Qxd5 Qxb2 40. Qxg5 Qxd4 41. Qh5+ Kg8 42. Qe8+ Kh7 43. Qh5+ 1/2-1/2

[Event "Mindsports Blitz 4th"]
[Site "London"]
[Date "2024.07.23"]
[Round "8.3"]
[White "Clarke, Connor"]
[Black "Fellowes, Billy"]
[Result "1-0"]
[WhiteElo "2116"]
[BlackElo "1988"]
[PlyCount "65"]
[EventDate "2024.07.23"]
[EventType "swiss (blitz)"]
[EventRounds "14"]
[EventCountry "ENG"]
[SourceTitle "BritBase"]
[Source "John Saunders"]
[SourceDate "2024.08.27"]
[SourceVersion "1"]
[SourceVersionDate "2024.08.27"]
[SourceQuality "1"]

1. d4 Nf6 2. Nc3 d5 3. Bf4 c5 4. e4 Nxe4 5. Nxe4 dxe4 6. dxc5 Qa5+ 7. c3 Qxc5 8. Qa4+ Nc6 9. Qxe4 Bf5 10. Qa4 g6 11. Be3 Qe5 12. Nf3 Qc7 13. Bd4 Rg8 14. Bb5 Bd7 15. O-O-O a6 16. Rhe1 O-O-O 17. Bd3 f6 18. Qb3 Rh8 19. Kb1 e5 20. Bb6 Qb8 21. Bxd8 Nxd8 22. Be4 Qc7 23. Nd2 Bc5 24. Nc4 Bc6 25. Bd5 Bxd5 26. Rxd5 Ne6 27. Red1 Nf4 28. Rd7 Qc6 29. f3 Qb5 30. Qxb5 axb5 31. Na5 b6 32. Nc6 Bd4 33. Ra7 1-0

[Event "Mindsports Blitz 4th"]
[Site "London"]
[Date "2024.07.23"]
[Round "8.4"]
[White "Dignam, Matthew"]
[Black "Johnson, Daniel"]
[Result "0-1"]
[WhiteElo "2052"]
[BlackElo "2271"]
[PlyCount "47"]
[EventDate "2024.07.23"]
[EventType "swiss (blitz)"]
[EventRounds "14"]
[EventCountry "ENG"]
[SourceTitle "BritBase"]
[Source "John Saunders"]
[SourceDate "2024.08.27"]
[SourceVersion "1"]
[SourceVersionDate "2024.08.27"]
[SourceQuality "1"]

1. d4 d6 2. c4 Nf6 3. Nc3 g6 4. e4 Bg7 5. f3 O-O 6. Nge2 c5 7. d5 e6 8. Ng3 exd5 9. cxd5 a6 10. a4 Nbd7 11. Be2 h5 12. Bg5 Qc7 13. Qd2 c4 14. Rc1 Re8 15. O-O Rb8 16. Be3 b5 17. axb5 axb5 18. b4 h4 19. Nh1 Nh5 20. Nf2 Nb6 21. Nxb5 Qd7 22. Nd4 Ba6 23. Nc6 Rbc8 24. Bxb6 0-1

[Event "Mindsports Blitz 4th"]
[Site "London"]
[Date "2024.07.23"]
[Round "8.5"]
[White "Badacsonyi, Stanley"]
[Black "Pollack, Oscar"]
[Result "1-0"]
[WhiteElo "2306"]
[BlackElo "1958"]
[PlyCount "71"]
[EventDate "2024.07.23"]
[EventType "swiss (blitz)"]
[EventRounds "14"]
[EventCountry "ENG"]
[SourceTitle "BritBase"]
[Source "John Saunders"]
[SourceDate "2024.08.27"]
[SourceVersion "1"]
[SourceVersionDate "2024.08.27"]
[SourceQuality "1"]

1. d4 b5 2. e4 Bb7 3. Nd2 a6 4. Ngf3 e6 5. a4 b4 6. Bd3 c5 7. dxc5 Bxc5 8. O-O Nf6 9. Re1 d5 10. Qe2 Nc6 11. exd5 Nxd5 12. Ne4 Be7 13. Neg5 Qd6 14. Ne4 Qd7 15. Be3 h6 16. Rad1 Qc7 17. Bc4 Nf4 18. Bxf4 Qxf4 19. Ng3 O-O 20. Rd7 Na5 21. Bxe6 Bxf3 22. Qxf3 Qxf3 23. gxf3 fxe6 24. Rxe7 Rxf3 25. R1xe6 Nc4 26. b3 Na3 27. Rc6 Raf8 28. Rcc7 R3f7 29. Rxf7 Rxf7 30. Rc8+ Kh7 31. Nf1 Rf3 32. Ne3 Rf4 33. Rc6 Nb1 34. Rxa6 Nd2 35. Rb6 Rg4+ 36. Nxg4 1-0

[Event "Mindsports Blitz 4th"]
[Site "London"]
[Date "2024.07.23"]
[Round "8.6"]
[White "Finn, Peter"]
[Black "Keohane, Ben"]
[Result "1/2-1/2"]
[WhiteElo "1980"]
[BlackElo "1919"]
[PlyCount "182"]
[EventDate "2024.07.23"]
[EventType "swiss (blitz)"]
[EventRounds "14"]
[EventCountry "ENG"]
[SourceTitle "BritBase"]
[Source "John Saunders"]
[SourceDate "2024.08.27"]
[SourceVersion "1"]
[SourceVersionDate "2024.08.27"]
[SourceQuality "1"]

1. d4 Nf6 2. Nf3 c5 3. g3 cxd4 4. Bg2 Nc6 5. Nxd4 g6 6. O-O Bg7 7. Nxc6 bxc6 8. c4 O-O 9. Nc3 Qa5 10. Bd2 Qb4 11. Qc2 Qxc4 12. Rac1 Qa6 13. e4 e5 14. Be3 d6 15. Rfd1 Ne8 16. Na4 Bg4 17. f3 Be6 18. Qxc6 Qxc6 19. Rxc6 Bxa2 20. Ra6 Nc7 21. Raxd6 Bb3 22. Ra1 Nb5 23. Rd7 Nd4 24. Nc5 Bc4 25. Raxa7 Rxa7 26. Rxa7 Rb8 27. Na4 Bf8 28. f4 Bb3 29. fxe5 Nc6 30. Ra6 Nxe5 31. Bd4 Nd3 32. Nc3 Rd8 33. Bf6 Bc5+ 34. Kf1 Bc4 35. Bxd8 Nf4+ 36. Ke1 Nxg2+ 37. Kd2 Bxa6 38. Nd5 Bb7 39. b4 Bxd5 40. bxc5 Bxe4 41. Ke2 Bc6 42. Bf6 Kf8 43. Bd4 Ke8 44. Bg1 Kd7 45. Bd4 Ke6 46. Bg1 h5 47. Bd4 Kd5 48. Bg1 Kc4 49. Kf2 g5 50. Ke2 h4 51. Bf2 hxg3 52. hxg3 f5 53. Bg1 Kd5 54. Bf2 Ke4 55. Bg1 Ke5 56. Bf2 f4 57. gxf4+ Kxf4 58. Bg1 Kg3 59. Bf2+ Kh2 60. Bd4 g4 61. Be5+ Kh3 62. Kd3 g3 63. Kc3 Ne1 64. Bxg3 Kxg3 65. Kb4 Nd3+ 66. Ka5 Be4 67. Kb6 Ne5 68. Kc7 Kf4 69. Kd6 Kf5 70. Kc7 Ke6 71. Kb6 Bc6 72. Ka5 Kd5 73. Kb4 Nd3+ 74. Kc3 Nxc5 75. Kb2 Kc4 76. Kc2 Be4+ 77. Kb2 Nd3+ 78. Ka1 Kc3 79. Ka2 Nb4+ 80. Ka1 Bd5 81. Kb1 Bb3 82. Ka1 Nc2+ 83. Kb1 Na3+ 84. Ka1 Nc4 85. Kb1 Ne5 86. Ka1 Nd3 87. Kb1 Nc5 88. Ka1 Bc2 89. Ka2 Nb3 90. Ka3 Nd4 91. Ka2 Bb3+ 1/2-1/2

[Event "Mindsports Blitz 4th"]
[Site "London"]
[Date "2024.07.23"]
[Round "8.7"]
[White "Malinovskii, Ilia"]
[Black "Dias, Savin"]
[Result "1-0"]
[WhiteElo "1978"]
[BlackElo "1872"]
[PlyCount "64"]
[EventDate "2024.07.23"]
[EventType "swiss (blitz)"]
[EventRounds "14"]
[EventCountry "ENG"]
[SourceTitle "BritBase"]
[Source "John Saunders"]
[SourceDate "2024.08.27"]
[SourceVersion "1"]
[SourceVersionDate "2024.08.27"]
[SourceQuality "1"]

1. Nf3 g6 2. g3 Bg7 3. Bg2 c5 4. c4 Nc6 5. Nc3 d6 6. O-O e5 7. a3 Nge7 8. b4 f5 9. Rb1 e4 10. Ne1 Ne5 11. bxc5 dxc5 12. Bb2 Be6 13. d3 exd3 14. exd3 O-O 15. Bxb7 Rb8 16. Bg2 Nxc4 17. dxc4 Bxc4 18. Qc2 Bxf1 19. Bxf1 Nc6 20. Bc4+ Kh8 21. Nd5 Nd4 22. Qd3 Qa5 23. Bc3 Qd8 24. Rxb8 Qxb8 25. Nf3 Nxf3+ {(garbled score hereafter) Bxg7+ Kxg7+} 26. Qxf3 Qb1+ 27. Kg2 Qe4 28. Qxe4 fxe4 29. Nc7 Rf3 30. Bd5 {Rxa3 Bxe4} c4 31. Nb5 {Ra5 Nc3 Rc5 Kf3 Kf6 Ke3 Rc8 Bd5 Ke5 f4+ Kd6 Kd4} a5 32. Bxc4 {Rb8 Bd5 Rb2 Ne4+ Ke7 h4} a4 {Kc3 Rb5 Bc6 Ra5 Kb2 Ke6 Ka3 Kf5 Nf2 Rc5 Bd7+ Kf6 Ne4+ Ke6} 1-0

[Event "Mindsports Blitz 4th"]
[Site "London"]
[Date "2024.07.23"]
[Round "8.8"]
[White "Kirupakaran, Vishnu"]
[Black "Clery, Liam"]
[Result "1/2-1/2"]
[WhiteElo "1842"]
[BlackElo "1877"]
[PlyCount "80"]
[EventDate "2024.07.23"]
[EventType "swiss (blitz)"]
[EventRounds "14"]
[EventCountry "ENG"]
[SourceTitle "BritBase"]
[Source "John Saunders"]
[SourceDate "2024.08.27"]
[SourceVersion "1"]
[SourceVersionDate "2024.08.27"]
[SourceQuality "1"]

1. e4 Nf6 2. e5 Nd5 3. b3 d6 4. Nf3 dxe5 5. Nxe5 g6 6. Bb2 Bg7 7. Qf3 O-O 8. Bc4 e6 9. h4 Qd6 10. d4 Nd7 11. Nxd7 Bxd7 12. Nd2 h5 13. O-O-O c6 14. Kb1 e5 15. Bxd5 cxd5 16. dxe5 Bxe5 17. Nc4 Bg4 18. Qxg4 hxg4 19. Nxd6 Bxd6 20. Rxd5 Rad8 21. h5 Be7 22. Rxd8 Rxd8 23. hxg6 fxg6 24. Rh8+ Kf7 25. Rxd8 Bxd8 26. Kc1 Ke6 27. Bd4 a6 28. Kd2 Kd5 29. Kd3 Bg5 30. c4+ Ke6 31. a4 Be7 32. Be3 Kf5 33. c5 Ke5 34. Kc4 Ke4 35. b4 g3 36. Bd4 Bf6 37. Be3 Bg5 38. Bd4 Bf6 39. Be3 Bg5 40. Bd4 Bf6 1/2-1/2

[Event "Mindsports Blitz 4th"]
[Site "London"]
[Date "2024.07.23"]
[Round "8.9"]
[White "Pein, Jonathan"]
[Black "Chakanyuka, Charles"]
[Result "0-1"]
[WhiteElo "2128"]
[BlackElo "1978"]
[PlyCount "79"]
[EventDate "2024.07.23"]
[EventType "swiss (blitz)"]
[EventRounds "14"]
[EventCountry "ENG"]
[SourceTitle "BritBase"]
[Source "John Saunders"]
[SourceDate "2024.08.27"]
[SourceVersion "1"]
[SourceVersionDate "2024.08.27"]
[SourceQuality "1"]

1. e4 d6 2. c4 Nf6 3. Nc3 g6 4. g3 Bg7 5. Bg2 e5 6. Nge2 O-O 7. O-O Ng4 8. h3 Nh6 9. d4 Nc6 10. Be3 f5 11. Qd2 Nf7 12. d5 Ne7 13. f3 h6 14. b4 a5 15. a3 axb4 16. axb4 Rxa1 17. Rxa1 g5 18. c5 f4 19. gxf4 gxf4 20. Bf2 Ng5 21. Ra8 Qd7 22. cxd6 cxd6 23. Kf1 Nxh3 24. Bb6 Ng5 25. Ng1 Ng6 26. Bf2 Kh7 27. Qd3 Qc7 28. b5 Bd7 29. b6 Qxc3 30. Qxc3 Rxa8 31. Qc7 Bb5+ 32. Ke1 Ra1+ 33. Kd2 Ra2+ 34. Kc3 Rxf2 35. Bh3 Nxf3 36. Bf5 Nfh4 37. Nh3 Rf3+ 38. Kb4 Bd3 39. Qxb7 Nxf5 40. exf5 0-1

[Event "Mindsports Blitz 4th"]
[Site "London"]
[Date "2024.07.23"]
[Round "8.10"]
[White "Andal, Edmond"]
[Black "Mozaffari, Mohammad Hossein"]
[Result "0-1"]
[WhiteElo "2145"]
[BlackElo "1872"]
[PlyCount "66"]
[EventDate "2024.07.23"]
[EventType "swiss (blitz)"]
[EventRounds "14"]
[EventCountry "ENG"]
[SourceTitle "BritBase"]
[Source "John Saunders"]
[SourceDate "2024.08.27"]
[SourceVersion "1"]
[SourceVersionDate "2024.08.27"]
[SourceQuality "1"]

1. Nf3 g6 2. d4 Bg7 3. Bf4 d5 4. e3 Nf6 5. h3 c5 6. c3 Nc6 7. Bd3 Ne4 8. O-O h6 9. Bh2 O-O 10. Nbd2 f5 11. Ne1 Be6 12. Rc1 Qb6 13. b3 Rac8 14. Bxe4 dxe4 15. Nc2 Rcd8 16. Qe2 cxd4 17. cxd4 a6 18. Nc4 Qa7 19. Rfd1 b5 20. Ne5 Nxe5 21. Bxe5 Bxe5 22. dxe5 Qc7 23. Nd4 Qxe5 24. Rc6 Rd6 25. Rdc1 Rfd8 26. R6c5 Qf6 27. Qd2 Bf7 28. Qa5 f4 29. Nc6 Rd1+ 30. Rxd1 Rxd1+ 31. Kh2 fxe3 32. Qc7 exf2 33. Nxe7+ Kh7 0-1

[Event "Mindsports Blitz 4th"]
[Site "London"]
[Date "2024.07.23"]
[Round "9.1"]
[White "Cancedda-Dupuis, Livio"]
[Black "Gasanov, Eldar"]
[Result "0-1"]
[WhiteElo "2000"]
[BlackElo "2474"]
[PlyCount "68"]
[EventDate "2024.07.23"]
[EventType "swiss (blitz)"]
[EventRounds "14"]
[EventCountry "ENG"]
[SourceTitle "BritBase"]
[Source "John Saunders"]
[SourceDate "2024.08.27"]
[SourceVersion "1"]
[SourceVersionDate "2024.08.27"]
[SourceQuality "1"]

1. e4 c5 2. Nf3 Nc6 3. d4 cxd4 4. Nxd4 Nf6 5. Nc3 g6 6. Be3 Bg7 7. Nxc6 bxc6 8. Bc4 O-O 9. O-O Qc7 10. Bb3 Rd8 11. Qf3 d5 12. exd5 Bg4 13. Qf4 Qxf4 14. Bxf4 Nxd5 15. Nxd5 cxd5 16. c3 d4 17. Rac1 Be2 18. Rfe1 d3 19. Bd2 Rab8 20. Rb1 e5 21. Bd1 Bxd1 22. Rexd1 e4 23. c4 Rxb2 24. Rxb2 Bxb2 25. Rb1 Bd4 26. Rb7 Rc8 27. Rb4 a5 28. Ra4 Rb8 29. g4 Rb1+ 30. Kg2 Rb2 31. Bxa5 Rxf2+ 32. Kg3 d2 33. Bxd2 Rxd2 34. Ra5 e3 0-1

[Event "Mindsports Blitz 4th"]
[Site "London"]
[Date "2024.07.23"]
[Round "9.2"]
[White "Senlle Caride, Miguel"]
[Black "Johnson, Daniel"]
[Result "1/2-1/2"]
[WhiteElo "2339"]
[BlackElo "2271"]
[PlyCount "50"]
[EventDate "2024.07.23"]
[EventType "swiss (blitz)"]
[EventRounds "14"]
[EventCountry "ENG"]
[SourceTitle "BritBase"]
[Source "John Saunders"]
[SourceDate "2024.08.27"]
[SourceVersion "1"]
[SourceVersionDate "2024.08.27"]
[SourceQuality "1"]

1. e4 e5 2. Nf3 Nc6 3. Bb5 a6 4. Ba4 Nf6 5. O-O b5 6. Bb3 Bc5 7. a4 Rb8 8. Nxe5 Nxe5 9. d4 Bxd4 10. Qxd4 d6 11. f4 Nc6 12. Qc3 Ne7 13. Qd3 Bb7 14. Nc3 b4 15. Nd5 Nexd5 16. exd5 O-O 17. f5 Re8 18. Bg5 h6 19. Bh4 Re5 20. Rae1 Qe7 21. Bg3 Re4 22. Bh4 Re5 23. Bg3 Re4 24. Bh4 Re5 25. Bg3 Re4 1/2-1/2

[Event "Mindsports Blitz 4th"]
[Site "London"]
[Date "2024.07.23"]
[Round "9.3"]
[White "Clarke, Connor"]
[Black "Badacsonyi, Stanley"]
[Result "1/2-1/2"]
[WhiteElo "2116"]
[BlackElo "2306"]
[PlyCount "145"]
[EventDate "2024.07.23"]
[EventType "swiss (blitz)"]
[EventRounds "14"]
[EventCountry "ENG"]
[SourceTitle "BritBase"]
[Source "John Saunders"]
[SourceDate "2024.08.27"]
[SourceVersion "1"]
[SourceVersionDate "2024.08.27"]
[SourceQuality "1"]

1. e4 e6 2. d4 d5 3. exd5 exd5 4. Nf3 Bd6 5. Bd3 Bg4 6. O-O Ne7 7. h3 Bh5 8. Re1 Nbc6 9. c3 Qd7 10. b4 f6 11. a4 O-O 12. Nbd2 Rae8 13. Nf1 Nd8 14. Ne3 c6 15. b5 c5 16. dxc5 Bxc5 17. Be2 Ne6 18. Nd4 Bxe2 19. Nxe2 d4 20. Ba3 Bxa3 21. Rxa3 Rd8 22. Nxd4 Nxd4 23. cxd4 Qxd4 24. Qxd4 Rxd4 25. Nc2 Rd7 26. Rae3 Kf7 27. Nb4 Rc8 28. Re4 Nf5 29. a5 Rc5 30. b6 Rxa5 31. bxa7 Rxa7 32. Rc4 b5 33. Rc5 Nd4 34. Kh2 Rab7 35. Re3 Ne6 36. Rc6 Nf4 37. g3 Nd5 38. Nxd5 Rxd5 39. Rb3 Rd4 40. Kg2 Ke7 41. Kf3 Kd7 42. Rc5 b4 43. Ke3 Rd6 44. Rc4 Rdb6 45. Rd3+ Ke6 46. Re4+ Kf7 47. Rb3 f5 48. Rc4 Kf6 49. Kf3 g5 50. Rc5 h5 51. Kg2 Re6 52. Rc4 Re4 53. Rc5 h4 54. Kf3 hxg3 55. fxg3 Rd4 56. Rc6+ Kg7 57. Ke3 Re4+ 58. Kf3 Kf7 59. Rh6 Rb5 60. Rc6 Rd4 61. Ke3 Re4+ 62. Kf3 Re6 63. Rc4 Reb6 64. h4 Kg6 65. hxg5 Kxg5 66. Rf4 Kf6 67. Rd4 Ke5 68. Ke3 Rg6 69. Rbxb4 Rxb4 70. Rxb4 Rxg3+ 71. Kf2 Ra3 72. Rh4 f4 73. Rh8 1/2-1/2

[Event "Mindsports Blitz 4th"]
[Site "London"]
[Date "2024.07.23"]
[Round "9.4"]
[White "Finn, Peter"]
[Black "Fellowes, Billy"]
[Result "0-1"]
[WhiteElo "1980"]
[BlackElo "1988"]
[PlyCount "72"]
[EventDate "2024.07.23"]
[EventType "swiss (blitz)"]
[EventRounds "14"]
[EventCountry "ENG"]
[SourceTitle "BritBase"]
[Source "John Saunders"]
[SourceDate "2024.08.27"]
[SourceVersion "1"]
[SourceVersionDate "2024.08.27"]
[SourceQuality "1"]

1. d4 Nf6 2. Nf3 g6 3. g3 Bg7 4. Bg2 O-O 5. O-O d6 6. b3 Nbd7 7. Bb2 c5 8. d5 b5 9. c4 bxc4 10. bxc4 Rb8 11. Bc3 Nb6 12. Nbd2 Ba6 13. Qc2 Qd7 14. e4 Qa4 15. Rfc1 Qxc2 16. Rxc2 Nxc4 17. Nxc4 Bxc4 18. Bxf6 Bxf6 19. e5 dxe5 20. Rxc4 e4 21. Rac1 exf3 22. Bxf3 Bd4 23. Ra4 Rb2 24. Rf1 Rfb8 25. Rxa7 c4 26. Rxe7 c3 27. Rc7 Rxf2 28. Rxf2 Rb2 29. d6 Rxf2 30. Rc4 Rd2+ 31. Kf1 Be5 32. Be4 Rxd6 33. a4 Rd2 34. Bc6 c2 35. a5 Rd1+ 36. Ke2 c1=Q 0-1

[Event "Mindsports Blitz 4th"]
[Site "London"]
[Date "2024.07.23"]
[Round "9.5"]
[White "Malinovskii, Ilia"]
[Black "Patel, Zain"]
[Result "0-1"]
[WhiteElo "1978"]
[BlackElo "2063"]
[PlyCount "117"]
[EventDate "2024.07.23"]
[EventType "swiss (blitz)"]
[EventRounds "14"]
[EventCountry "ENG"]
[SourceTitle "BritBase"]
[Source "John Saunders"]
[SourceDate "2024.08.27"]
[SourceVersion "1"]
[SourceVersionDate "2024.08.27"]
[SourceQuality "1"]

1. Nf3 Nf6 2. g3 d5 3. Bg2 c5 4. O-O g6 5. b3 Bg7 6. Bb2 O-O 7. e3 Nc6 8. c4 d4 9. exd4 cxd4 10. d3 h6 11. Re1 Re8 12. Na3 e5 13. Nc2 e4 14. Nfxd4 exd3 15. Qxd3 Nxd4 16. Qxd4 Bf5 17. Qxd8 Raxd8 18. Ne3 Be4 19. Bxe4 Nxe4 20. Bxg7 Kxg7 21. Nd5 f5 22. f3 Ng5 23. Kf2 Ne6 24. Re5 Nc5 25. Rxe8 Rxe8 26. Rd1 a5 27. Nc7 Re7 28. Nb5 a4 29. b4 Nd7 30. f4 Nf6 31. Nc3 Rc7 32. c5 b6 33. Nb5 Rc6 34. Rd6 Ne4+ 35. Ke3 Nxd6 36. cxd6 Kf7 37. Kd3 a3 38. h3 Ke8 39. g4 Kd7 40. gxf5 gxf5 41. h4 h5 42. Ke3 Rc2 43. Nxa3 Rxa2 44. Nc4 b5 45. Ne5+ Kxd6 46. Nf3 Ra3+ 47. Kf2 Kd5 48. Ng5 Rb3 49. Nh7 Rxb4 50. Nf6+ Ke6 51. Nxh5 Kf7 52. Ke3 Re4+ 53. Kd3 Kg6 54. Ng3 Rxf4 55. h5+ Kh6 56. Ne2 Rf3+ 57. Kd4 Kxh5 58. Ke5 Re3+ 59. Kd4 0-1

[Event "Mindsports Blitz 4th"]
[Site "London"]
[Date "2024.07.23"]
[Round "9.6"]
[White "Alizada, Eldar"]
[Black "Dias, Savin"]
[Result "1/2-1/2"]
[WhiteElo "1929"]
[BlackElo "1872"]
[PlyCount "81"]
[EventDate "2024.07.23"]
[EventType "swiss (blitz)"]
[EventRounds "14"]
[EventCountry "ENG"]
[SourceTitle "BritBase"]
[Source "John Saunders"]
[SourceDate "2024.08.27"]
[SourceVersion "1"]
[SourceVersionDate "2024.08.27"]
[SourceQuality "1"]

1. d4 Nf6 2. c4 e6 3. Nc3 Bb4 4. Qc2 O-O 5. a3 Bxc3+ 6. Qxc3 b6 7. Bg5 Bb7 8. Nf3 h6 9. Bh4 g5 10. Bg3 Ne4 11. Qc2 f5 12. h4 g4 13. Ne5 Nxg3 14. fxg3 Be4 15. Qd2 Qf6 16. e3 d6 17. Nd3 Nd7 18. Nf4 e5 19. dxe5 Nxe5 20. O-O-O Qf7 21. Qd4 Rad8 22. b3 b5 23. Nd5 c5 24. Qc3 Rb8 25. Be2 bxc4 26. Bxc4 Nxc4 27. Qxc4 Bxg2 28. Rh2 Bf3 29. Rdd2 Kh7 30. Rhf2 Rfe8 31. Rd3 Bxd5 32. Qxd5 Qxd5 33. Rxd5 Rxb3 34. Rxd6 Rbxe3 35. Rxf5 Rxa3 36. Rf7+ Kg8 37. Rdd7 Rc3+ 38. Kd2 Rxg3 39. Rg7+ Kh8 40. Rh7+ Kg8 41. Rdg7+ 1/2-1/2

[Event "Mindsports Blitz 4th"]
[Site "London"]
[Date "2024.07.23"]
[Round "9.7"]
[White "Vashisht-Pigem, Raman"]
[Black "Mozaffari, Mohammad Hossein"]
[Result "0-1"]
[WhiteElo "1878"]
[BlackElo "1872"]
[PlyCount "122"]
[EventDate "2024.07.23"]
[EventType "swiss (blitz)"]
[EventRounds "14"]
[EventCountry "ENG"]
[SourceTitle "BritBase"]
[Source "John Saunders"]
[SourceDate "2024.08.27"]
[SourceVersion "1"]
[SourceVersionDate "2024.08.27"]
[SourceQuality "1"]

1. e4 e5 2. Nf3 Nc6 3. Bc4 Nf6 4. d3 Be7 5. Nc3 d6 6. a4 Be6 7. Bb5 O-O 8. O-O h6 9. Bxc6 bxc6 10. d4 exd4 11. Nxd4 Bd7 12. h3 a5 13. Re1 Qb8 14. b3 Qb4 15. Bb2 Rfb8 16. Qd2 c5 17. Nf3 Bc6 18. Ba3 Qb7 19. Nd5 Bxd5 20. exd5 Re8 21. Rad1 Bf8 22. Rxe8 Rxe8 23. Qxa5 Nxd5 24. Qd2 Nf6 25. Re1 Qc8 26. Rxe8 Qxe8 27. Qe1 Qc6 28. Qa5 g6 29. Bb2 Bg7 30. Qe1 Nd5 31. Bxg7 Kxg7 32. Qe4 Nb4 33. Qxc6 Nxc6 34. Nd2 Kf6 35. c3 Ke6 36. Kf1 Kd7 37. Ke2 Ne5 38. Ke3 Kc6 39. Ne4 Nd7 40. Nd2 f5 41. Kd3 Ne5+ 42. Ke3 Nd7 43. Nc4 Nf6 44. Nd2 Nd5+ 45. Kd3 Nf4+ 46. Kc4 Nxg2 47. b4 cxb4 48. cxb4 Nf4 49. b5+ Kb6 50. Nb3 Nxh3 51. a5+ Kb7 52. Nd4 Nxf2 53. Nc6 Ne4 54. a6+ Ka8 55. Kd5 Nc5 56. Ne7 f4 57. Kc6 f3 58. Kxc7 f2 59. Kb6 Nd7+ 60. Kc7 f1=Q 61. Nc6 Qxb5 0-1